Bilecik Bilecik Bilecik Bilecik Bilecik

Ancient mining in Turkey and the Eastern Mediterranean/ (Record no. 6709)

MARC details
000 -BAŞLIK
Sabit Uzunluktaki Kontrol Alanı 01278nam a22003497a 4500
001 - KONTROL NUMARASI
Control Dosyası 0006728
003 - KONTROL NUMARASI KİMLİĞİ
Kontrol Alanı KOHA_MİRAKIL
005 - EN SON İŞLEM TARİHİ ve ZAMANI
Kontrol Alanı 20260207001533.0
007 - FİZİKSEL TANIM SABİT ALAN - GENEL BİLGİ
Sabit uzunluklu kontrol alanı ta
008 - SABİT UZUNLUKTAKİ VERİ ÖGELERİ - GENEL BİLGİ
Sabit Alan 090806b2008 tu |||gro|||#1|||0|eng |
020 ## - ISBN - ULUSLARARASI STANDART KİTAP NUMARASI
Isbn 9789756707203
Kullanılabilirlik koşulları 0,01
040 ## - KATALOGLAMA KAYNAĞI
Özgün Kataloglama Kurumu TR-BiSEU
Kataloglama Dili tur
Çeviri Kurumu TR-BiSEU
Açıklama Kuralları rda
041 0# - DİL KODU
Metin ya da ses kaydının dil kodu eng
044 ## - YAYINLAYAN/ÜRETEN KURULUŞUN ÜLKE KODU
ISO country code tu
050 ## - SINIFLAMA ve YER NUMARASI
Sınıflama Numarası TN111
Yer Numarası .A53 2008
111 2# - TOPLANTI ADI
Toplantı Adı International conference AMITEM 2008 Ancient mining in th Turkey and the Eastern Mediterranean, June 15-22, 2008 Ankara, Turkey.
9 (RLIN) 16630
245 1# - ESER ADI BİLDİRİMİ
Başlık Ancient mining in Turkey and the Eastern Mediterranean/
Sorumluluk Bildirimi editör Ünsal Yalçın, Hadi Özbal, A. Günhan Paşamehmetoğlu.
264 #1 - ÜRERİM, YAYIN, DAĞITIM ve TELİF BİLDİRİMİ
Yayın yeri Ankara :
Yayınlayan Atılım University
Yayın tarihi 2008
300 ## - FİZİKSEL TANIMLAMA
Sayfa, Cilt vb. 473 sayfa: resimli, harita
336 ## - İÇERİK TÜRÜ
Content type term metin
Content type code txt
Source rdacontent
337 ## - MEDYA TÜRÜ
Media type term aracısız
Media type code n
Source rdamedia
338 ## - TAŞIYICI TÜRÜ
Carrier type term cilt
Carrier type code nc
Source rdacarrier
490 1# - DİZİ BİLDİRİMİ
Dizi Bildirimi Atılım University.
490 1# - DİZİ BİLDİRİMİ
Dizi Bildirimi Turkey Historical Research Center Publications ;
Cilt Numarası 2.
500 ## - GENEL NOT
Genel Not Kaynakça var.
650 #0 - KONU BAŞLIĞI EK GİRİŞ - KONU TERİMİ
Konusal terim veya coğrafi ad Mining industries--History--Turkey.
9 (RLIN) 16631
650 #0 - KONU BAŞLIĞI EK GİRİŞ - KONU TERİMİ
Konusal terim veya coğrafi ad Maden endüstrisi--Tarih--Türkiye.
9 (RLIN) 16632
830 1# - SERİ EK GİRİŞİ - TEKBİÇİM ESER ADI
Tekbiçim Başlık Atılım University.
9 (RLIN) 16633
830 1# - SERİ EK GİRİŞİ - TEKBİÇİM ESER ADI
Tekbiçim Başlık Turkey Historical Research Center Publications ;
Volume number/sequential designation 2.
9 (RLIN) 16634
907 ## - LOCAL DATA ELEMENT G, LDG (RLIN)
a Konferans
942 ## - EK GİRİŞ ÖGELERİ (KOHA)
Source of classification or shelving scheme Library of Congress Classification
Koha item type Book
Holdings
Materyal Türü Kalıcı Konum Mevcut Konum Raf Yeri Sınıflandırma Kaynağı Edinim Bilgisi Ana Konular Alt Konular Yer Numarası Demirbaş Numarası Fatura Tarihi Geri Çekilme Durumu Kayıp Durumu Hasarlı Durumu Kredi için değil Kayıt Tarih Toplam Ödünçverme Son Görülme Tarihi Son Kontrol Tarihi Genel / Bağış Notu
Book Prof. Dr. Azmi Özcan Kütüphanesi Prof. Dr. Azmi Özcan Kütüphanesi Birûni Salonu Library of Congress Classification Bağış TEKNOLOJİ Maden Mühendisliği, Metalurji TN111 .A53 2008 0006728 13/08/2010         06/08/2009 5 05/12/2024 05/12/2024 Genel Bağış